000 01896nam a2200457 a 4500
001 ebr10216868
003 CaPaEBR
006 m u
007 cr cn|||||||||
008 070402s2008 njua sb 001 0 eng
010 _z 2007012715
020 _z9780813542225 (hardcover : alk. paper)
020 _z0813542227 (hardcover : alk. paper)
020 _z9780813542232 (pbk. : alk. paper)
020 _z0813542235 (pbk. : alk. paper)
040 _aCaPaEBR
_cCaPaEBR
035 _a(OCoLC)648350275
043 _an------
_as------
_acl-----
050 1 4 _aE20
_b.H46 2008eb
082 0 4 _a970
_222
245 0 0 _aHemispheric American studies
_h[electronic resource] /
_cedited by Caroline F. Levander and Robert S. Levine.
260 _aNew Brunswick, N.J. :
_bRutgers University Press,
_cc2008.
300 _avii, 356 p. :
_bill.
504 _aIncludes bibliographical references and index.
533 _aElectronic reproduction.
_bPalo Alto, Calif. :
_cebrary,
_d2013.
_nAvailable via World Wide Web.
_nAccess may be limited to ebrary affiliated libraries.
650 0 _aMigrations of nations.
650 0 _aEthnic groups in literature.
650 0 _aAmerican literature
_xHistory and criticism.
650 0 _aLatin American literature
_xHistory and criticism.
651 0 _aAmerica
_xCivilization.
651 0 _aAmerica
_xStudy and teaching (Higher)
651 0 _aWestern Hemisphere
_xStudy and teaching (Higher)
651 0 _aUnited States
_xStudy and teaching (Higher)
651 0 _aAmerica
_xRace relations.
651 0 _aAmerica
_xIntellectual life.
655 7 _aElectronic books.
_2local
700 1 _aLevander, Caroline Field,
_d1964-
700 1 _aLevine, Robert S.
_q(Robert Steven),
_d1953-
710 2 _aebrary, Inc.
856 4 0 _uhttp://site.ebrary.com/lib/rucke/Doc?id=10216868
_zAn electronic book accessible through the World Wide Web; click to view
999 _c128570
_d128570